Bhartiya shiksha padti: sanrachna aur samasyain (Hindi) (Record no. 405894)

000 -LEADER
fixed length control field 00344cam a22001097a 4500
008 - FIXED-LENGTH DATA ELEMENTS--GENERAL INFORMATION
fixed length control field 180718b1991 xxu||||| |||| 00| 0 eng d
100 ## - MAIN ENTRY--PERSONAL NAME
Personal name Agarwal, J.C.
245 ## - TITLE STATEMENT
Title Bhartiya shiksha padti: sanrachna aur samasyain (Hindi)
Statement of responsibility, etc. by J.C. Agarwal
260 ## - PUBLICATION, DISTRIBUTION, ETC.
Place of publication, distribution, etc. New Delhi
Name of publisher, distributor, etc. Arya Book
Date of publication, distribution, etc. 1991
300 ## - PHYSICAL DESCRIPTION
Extent 298p.
650 ## - SUBJECT ADDED ENTRY--TOPICAL TERM
Topical term or geographic name entry element Indian education-structure,problem
Holdings
Withdrawn status Lost status Damaged status Not for loan Permanent Location Current Location Date acquired Barcode Date last seen Price effective from Koha item type
        Indian Institute of Public Administration Indian Institute of Public Administration 2006-08-26 69019 2018-07-21 2018-07-21 Book

Powered by Koha